000 00401nam a22001697a 4500
003 OSt
005 20210923085537.0
008 210923b |||||||| |||| 00| 0 eng d
020 _a031221085
040 _cHU
082 _a330
100 _aAMOROSO
_96313
245 _aON GLOBALAZATION CAPITALISM IN THE 21st CENTURY
260 _aDENMARIK
_bROSKILDE
_c1998
300 _a217
942 _2ddc
_cBOOKS
_n0
999 _c6092
_d6092